[Event "Chioggia op-C 10th"]
[Site "Chioggia"]
[Date "2015.10.11"]
[Round "4"]
[White "Busi, Piero"]
[Black "Capparuccia, Alessandro"]
[Result "1/2-1/2"]
[WhiteElo "1382"]
[BlackElo "1395"]
[PlyCount "42"]
[EventDate "2015.10.09"]
[EventType "swiss"]
[EventRounds "5"]
[EventCountry "ITA"]
[SourceTitle "EXT 2022"]
[Source "ChessBase"]
[SourceDate "2021.10.06"]
[SourceVersion "1"]
[SourceVersionDate "2021.10.06"]
[SourceQuality "1"]

1. d4 d5 2. Nf3 Nf6 3. e3 e6 4. Bd3 Bd6 5. Nc3 0-0 6. 0-0 Nbd7 7. Re1 c5 8. b3 cxd4 9. exd4 Re8 10. Ne5 Qc7 11. Bd2 Nxe5 12. Nb5 Qb8 13. Nxd6 Nxd3 14. Nxe8 Nxe8 15. cxd3 Bd7 16. Qf3 h6 17. Bf4 Qd8 18. Qg3 Qf6 19. Be5 Qe7 20. Bf4 Qf6 21. Be5 Qe7 1/2-1/2

[Event "Chioggia op-C 10th"]
[Site "Chioggia"]
[Date "2015.10.10"]
[Round "3"]
[White "Capparuccia, Alessandro"]
[Black "Alberton, Angela"]
[Result "1-0"]
[WhiteElo "1395"]
[BlackElo "1452"]
[PlyCount "81"]
[EventDate "2015.10.09"]
[EventType "swiss"]
[EventRounds "5"]
[EventCountry "ITA"]
[SourceTitle "EXT 2022"]
[Source "ChessBase"]
[SourceDate "2021.10.06"]
[SourceVersion "1"]
[SourceVersionDate "2021.10.06"]
[SourceQuality "1"]

1. d4 d5 2. c4 Nf6 3. Nc3 Be6 4. Nf3 Nc6 5. e3 dxc4 6. e4 g6 7. d5 Bd7 8. dxc6 Bxc6 9. Qxd8+ Rxd8 10. Bxc4 e6 11. Bg5 Bg7 12. e5 Ke7 13. exf6+ Bxf6 14. Bxf6+ Kxf6 15. Rd1 Rxd1+ 16. Nxd1 Kg7 17. 0-0 Rf8 18. Nc3 a6 19. b4 b5 20. Be2 Be8 21. Ra1 c6 22. a4 f5 23. axb5 axb5 24. h3 h5 25. Nd4 e5 26. Ne6+ Kf7 27. Nxf8 Kxf8 28. Ra8 Ke7 29. Ra6 Kf6 30. Bf3 Kg7 31. Bxc6 Bf7 32. Nxb5 Bc4 33. Ra7+ Kf6 34. Nd6 Bd3 35. b5 Bxb5 36. Bxb5 g5 37. Be8 Ke6 38. Rd7 e4 39. Nc4 g4 40. hxg4 hxg4 41. Rd6+ 1-0